| 000 | 00838nam a2200253 i 4500 | ||
|---|---|---|---|
| 003 | DO-SdBNP | ||
| 005 | 20240624133556.0 | ||
| 007 | ta | ||
| 008 | 240624b2011 dr ||||| |||| 00| 0 spa d | ||
| 040 |
_aDO-SdBNP _bspa _cBNPHU _erda |
||
| 082 | 4 | _222 | |
| 100 |
_aCastillo, Nelson, _927154 _eautor |
||
| 245 | 1 | 3 |
_aLa terquedad de la verdad : _brealidad en la primera década / _cNelson Castillo ; corrector, Winston Vargas Valdez |
| 264 |
_aSanto Domingo : _bOrtega, _c2011. |
||
| 300 |
_a239 páginas ; _c23 cm. |
||
| 336 |
_2rdacontent _atexto _btxt |
||
| 337 |
_2rdamedia _asin mediación _bn |
||
| 338 |
_2rdacarrier _avolumen _bnc |
||
| 500 | _aIncluye datos biográficos del autor en las solapas | ||
| 590 | _aInventariado, 2024/BT | ||
| 700 |
_aVargas Valdez, Winston, _ecorrector _985771 |
||
| 910 | _aBtavárez | ||
| 942 |
_2ddc _cLBS1 |
||
| 999 |
_c56943 _d56943 |
||